Cálculo: trascendentes tempranas
Uloženo v:
| Hlavní autor: | |
|---|---|
| Médium: | Kniha |
| Jazyk: | španělština |
| Vydáno: |
Cuernavaca
Cengage Learning Editores
2018
|
| Vydání: | 8a. ed |
| Témata: | |
| Tagy: |
Přidat tag
Žádné tagy, Buďte první, kdo vytvoří štítek k tomuto záznamu!
|
MARC
| LEADER | 00000cam a2200000 a 4500 | ||
|---|---|---|---|
| 001 | UCC8939 | ||
| 003 | CL-VaPUC | ||
| 005 | 20240923165907.0 | ||
| 008 | 190830e20180000mx |||||||||||||||||spa|d | ||
| 020 | |a 9786075265483 | ||
| 040 | |c Pontificia Universidad Católica de Valparaíso | ||
| 082 | 0 | 4 | |a 515 |b STE |2 21 |
| 100 | 0 | |a Stewart, James |e author |9 320 | |
| 245 | 1 | 0 | |a Cálculo: trascendentes tempranas |
| 250 | |a 8a. ed | ||
| 260 | |a Cuernavaca |b Cengage Learning Editores |c 2018 | ||
| 300 | |a 1182 p | ||
| 583 | |a last modification |c 20190830 10:52:00 |k Rodrigo Vera | ||
| 650 | 0 | |a Cálculo |9 260234 | |
| 650 | 0 | |a Derivadas |9 354237 | |
| 650 | 0 | |a Funciones (Matemáticas) |9 338128 | |
| 942 | |c BK | ||
| 945 | |d 20190830 10:52:00 |a dcastane | ||
| 999 | |c 375134 |d 375132 | ||
| 952 | |0 0 |1 0 |3 erb |4 0 |6 515_000000000000000_STE_2018 |7 0 |8 A |9 494026 |a BIBMAT |b BIBMAT |i 5560179 |l 5 |m 1 |o 515 STE 2018 |p 5560179 |r 2025-01-07 |s 2024-09-11 |w 2019-11-24 |y BK |z Catalogado en:20190830 |k MAT | ||
| 952 | |0 0 |1 0 |3 erb |4 0 |6 515_000000000000000_STE_2018 |7 0 |8 A |9 494027 |a BIBMAT |b BIBMAT |i 5560268 |l 5 |o 515 STE 2018 |p 5560268 |r 2025-04-07 |s 2025-03-31 |w 2019-11-24 |y BK |z Catalogado en:20190830 |k MAT | ||
| 952 | |0 0 |1 0 |3 erb |4 0 |6 515_000000000000000_STE_2018 |7 0 |8 A |9 494028 |a BIBMAT |b BIBMAT |i 5560136 |l 2 |o 515 STE 2018 |p 5560136 |r 2025-04-07 |s 2025-04-01 |w 2019-11-24 |y BK |z Catalogado en:20190830 |k MAT | ||
| 952 | |0 0 |1 0 |3 erb |4 0 |6 515_000000000000000_STE_2018 |7 0 |8 A |9 494029 |a BIBMAT |b BIBMAT |i 5560160 |l 3 |o 515 STE 2018 |p 5560160 |r 2025-01-07 |s 2024-08-12 |w 2019-11-24 |y BK |z Catalogado en:20190830 |k MAT | ||
| 952 | |0 0 |1 0 |3 erb |4 0 |6 515_000000000000000_STE_2018 |7 0 |8 A |9 494030 |a BIBMAT |b BIBMAT |i 5560152 |l 2 |m 2 |o 515 STE 2018 |p 5560152 |r 2025-04-11 |s 2025-03-31 |w 2019-11-24 |y BK |z Catalogado en:20190830 |k MAT | ||
| 952 | |0 0 |1 0 |3 erb |4 0 |6 515_000000000000000_STE_2018 |7 0 |8 A |9 494031 |a BIBMAT |b BIBMAT |i 5560144 |l 8 |m 6 |o 515 STE 2018 |p 5560144 |r 2025-01-07 |s 2024-10-14 |w 2019-11-24 |y BK |z Catalogado en:20190830 |k MAT | ||
| 952 | |0 0 |1 0 |3 erb |4 0 |6 515_000000000000000_STE_2018 |7 0 |8 A |9 494032 |a BIBMAT |b BIBMAT |i 5560225 |l 2 |m 1 |o 515 STE 2018 |p 5560225 |r 2025-01-07 |s 2024-09-11 |w 2019-11-24 |y BK |z Catalogado en:20190830 |k MAT | ||
| 952 | |0 0 |1 0 |3 erb |4 0 |6 515_000000000000000_STE_2018 |7 0 |8 A |9 494033 |a BIBMAT |b BIBMAT |i 5560217 |l 1 |m 2 |o 515 STE 2018 |p 5560217 |r 2025-01-07 |s 2023-09-29 |w 2019-11-24 |y BK |z Catalogado en:20190830 |k MAT | ||
| 952 | |0 0 |1 0 |3 erb |4 0 |6 515_000000000000000_STE_2018 |7 0 |8 A |9 494034 |a BIBMAT |b BIBMAT |i 5560187 |l 1 |o 515 STE 2018 |p 5560187 |r 2025-01-07 |s 2022-10-11 |w 2019-11-24 |y BK |z Catalogado en:20190830 |k MAT | ||
| 952 | |0 0 |1 0 |3 erb |4 0 |6 515_000000000000000_STE_2018 |7 0 |8 A |9 494035 |a BIBMAT |b BIBMAT |i 5560195 |l 6 |m 7 |o 515 STE 2018 |p 5560195 |r 2025-05-07 |s 2025-04-04 |w 2019-11-24 |y BK |z Catalogado en:20190830 |k MAT | ||
| 952 | |0 0 |1 0 |3 erb |4 0 |6 515_000000000000000_STE_2018 |7 0 |8 A |9 494036 |a BIBMAT |b BIBMAT |i 5560209 |l 2 |o 515 STE 2018 |p 5560209 |r 2025-01-07 |s 2024-09-11 |w 2019-11-24 |y BK |z Catalogado en:20190830 |k MAT | ||